000 00291nam a2200121Ia 4500
008 220216s9999 xx 000 0 und d
100 _aRejikumar R
245 0 _aD.R.C nirnayam: Puthiya pareekshanangal
260 _bRubber
_c2009
300 _a35-36
700 _aPhilip Jacob
942 _cBS
999 _c51404
_d51404